1783 1510 1171 1505 1836 1341 1084 1884 1783 1056 1580 1644 1432 1581 1713 1916 1757 1625 1480 1117 1067 1076 1535 1761 1423 1594 1866 1689 1788 1280 1088 1997 1622 1773 1752 1417 1348 1970 1453 1201 1548 1880 1032 1710 1838 1321 1186 1770 1940 1909 1432 1510 1819 1664 1210 1148 1660 1171 1597 1512 1872 1360 1151 1866 1672 1782 1100 1886 1771 1191 1414 1739 1369 1767 1791 1400 1112 1720 1890 1354 1361 1667 1426 1381 1101 1177 1913 1590 1827 1247 1635 1279 1407 1010 1586 1860 1500 1408 1078 BCNSPRNW ULIB Ver.6.0+V

เปลี่ยนเป็นภาษาไทย

Change to English
 แสดงรายละเอียดบรรณานุกรม
  กลับหน้าหลัก

Brief Record : Get Marc (ISO 2709) : E-mail record : QR code < ปิดหน้าต่าง
LEADER : 00000nam 2200000uu 4500
001    13399123888
003     ULIB
008    020711s2555 th a 000 0 tha d
020    9786162791574 ล.1
060  4 WJ168^bส267ต ล.1
100    สมพล เพิ่มพงศ์โกศล
245    ตำราการผ่าตัดแบบมีความรุนแรงน้อยในศัลยศาสตร์ระบบปัสสาวะ เล่ม 1 =^bTEXTBOOK OF MINIMALLY INVASIVE UROLOGIC SURGERY/^cบรรณาธิการ ; สมพล เพิ่มพงศ์โกศล
250    พิมพ์ครั้งที่ 1
260    กรุงเทพฯ :^bคณะแพทยศาสตร์โรงพยาบาลรามาธิบดี. มหาวิทยาลัยมหิดล.,^c2555
300    476 หน้า:^bภาพประกอบ;^b27.5 ซม.
650    ทางเดินปัสสาวะ
650    ทางเดินปัสสาวะ^xศัลยกรรม
650    ศัลยศาสตร์
710    มหาวิทยาลัยมหิดล.^bคณะแพทยศาสตร์โรงพยาบาลรามาธิบดี.
945    ^p2^l0^i22539
999    ^aทศพร เกษรทอง
รายการนี้ยังไม่มีแท็ก
คุณยังไม่ได้ล็อกอิน คุณสามารถมีกิจกรรมร่วมกับเว็บไซต์ได้ แต่ต้องล็อกอินก่อน ::
  ล็อกอิน

รายการสื่อสารสนเทศ

ลำดับที่ ประเภท เลขเรียก/บาร์โค้ด สถานที่ สถานะ
1. วิทยาศาสตร์การแพทย์ และสุขภาพ
หนังสือสำรอง
สถานะ=หนังสือสำรอง
WJ168 ส267ต ล.1 ฉ.1 
  Barcode: 22539
ห้องสมุดวิทยาเขตนครสวรรค์
►หนังสือทั่วไป:l:General Books
บนชั้น

รายการใกล้เคียง
    ผู้แต่ง [สมพล เพิ่มพงศ์โกศล]

    หัวเรื่อง [ทางเดินปัสสาวะ]
    หัวเรื่อง [ศัลยศาสตร์]

BibComment


ยังไม่เคยถูกคอมเมนท์

คอมเมนท์ทรัพยากรรายการนี้
  คอมเมนท์: ตำราการผ่าตัดแบบม..


 Copyright 2026. Bcnsprnw @Library